000 00443nam a2200157Ia 4500
999 _c19800
_d19800
003 OSt
005 20200702152548.0
008 190216s9999||||xx |||||||||||||| ||und||
040 _coclc
082 _a947
_bYEG/S
100 _aYegorov, Vladimir
_93479
245 0 _aSoviet Yuvagenangal /
_cVladimir Yegorov
260 _bSoviet Publishing,
_c1985.
_aMadras:
300 _a59p
942 _cBK
_2ddc
_h947
_iYEG/S
_k947
_mYEG/S